| 000 | 01426ngm a2200217 a 4500 | ||
|---|---|---|---|
| 005 | 20240806063841.0 | ||
| 008 | 991125s1980 mx 030 aaspa u | ||
| 035 | _aUPN01000019306 | ||
| 049 | _aAV | ||
| 050 | 4 | _aPVI Z 0504 | |
| 245 | 0 | 4 |
_aLos libros tienen la palabra, 4 : _bLa encuadernación de libros. |
| 260 |
_a[México] : _bUTEC, _c[198-]. |
||
| 300 |
_a1 videocasete (VHS) (30 min.) : _bson., col. |
||
| 520 | _aSe presenta un reportaje de cómo surgió la encuadernación de libros y cómo fue evolucionando. En la encuadernación se combinan belleza y armonía, se utiliza piel y madera que son trabajadas artísticamente. En la Edad Media esta actividad la realizaban exclusivamente los monjes; con la Revolución Industrial las máquinas modernas conquistaron el mercado de la encuadernación y cambian los materiales que se emplean a cartón, plástico y tela. En la sección el escritor y su mundo habla de José Agustín y sus obras, presenta un fragmento de su novela "Ciudades desiertas" y una entrevista con el escritor. Incluye algunas escenas en blanco y negro | ||
| 501 | _aCon: Niños y jóvenes en las bibliotecas públicas -- Publicaciones infantiles de la SEP -- Avances tecnológicos en la industria editorial | ||
| 600 | 1 | 4 |
_aAGUSTIN, JOSE, _d1944- |
| 650 | 4 |
_aENCUADERNACION _921048 |
|
| 650 | 4 |
_aLiteratura mexicana _94466 |
|
| 740 | 3 | _aLa encuadernación de libros | |
| 905 | _aAudiovisuales | ||
| 999 |
_c19306 _d19306 |
||